000 00379cam a22001337a 4500
008 180718b1995 xxu||||| |||| 00| 0 eng d
020 _a8185402523
082 _aT312x54 T543
100 _aTiwari, A.C.
245 _aProblems of fiscal management in the government
_cby A.C. Tiwari
260 _aDelhi
_bShipra
_c1995
300 _a222p.
650 _aCorporations - Finance - India
999 _c377716
_d377716